Основные законы механики: учебное пособие

Bibliografiske detaljer
Hovedforfatter: Иродов И. Е. Игорь Евгеньевич
Summary:Исключено из фонда НТБ ТПУ
Sprog:russisk
Udgivet: Москва, Высшая школа, 1975
Format: MixedMaterials Bog
KOHA link:https://koha.lib.tpu.ru/cgi-bin/koha/opac-detail.pl?biblionumber=135132

MARC

LEADER 00000nam0a2200000 4500
001 135132
005 20231031135945.0
035 |a (RuTPU)RU\TPU\book\146461 
035 |a RU\TPU\book\55430 
090 |a 135132 
100 |a 20080408d1975 m y0rusy50 ca 
101 0 |a rus 
102 |a RU 
105 |a a j 001zy 
200 1 |a Основные законы механики  |e учебное пособие  |f И. Е. Иродов 
210 |a Москва  |c Высшая школа  |d 1975 
215 |a 256 с.  |c ил. 
320 |a Предметный указатель: с. 252-256 
333 |a Исключено из фонда НТБ ТПУ 
700 1 |a Иродов  |b И. Е.  |g Игорь Евгеньевич 
801 1 |a RU  |b 63413507  |c 20030606  |g PSBO 
801 2 |a RU  |b 63413507  |c 20210129  |g PSBO 
942 |c BK